000 00371nam a2200145Ia 4500
008 230312s9999||||xx |||||||||||||| ||und||
020 _a1-4051-3298-5
082 _a615.82
_bMAC-E
100 _aMacAuley;Domhnall
245 0 _aEvidence-Based Sports Medicine
260 _bBlackwell
_aUSA
_c2007
300 _a615
650 _aPhysiotherapy
_vPhysio Therapy
942 _cBK
999 _c10357
_d10357